|
|
|
|
| LEADER |
01236nam a2200337 a 4500 |
| 001 |
000550398 |
| 003 |
CZ BrMZK |
| 005 |
20080923115653.0 |
| 007 |
ta |
| 008 |
000115s2000 xr f cze d |
| 015 |
|
|
|a cnb000990288
|
| 020 |
|
|
|a 80-86454-06-1
|
| 035 |
|
|
|a (OCoLC)47949740
|
| 040 |
|
|
|a BOA001
|b cze
|
| 072 |
|
7 |
|a 639.1
|x Myslivost
|2 Konspekt
|9 24
|
| 080 |
|
|
|a 639.111.1
|2 MRF
|
| 080 |
|
|
|a 639.1.04
|2 MRF
|
| 080 |
|
|
|a 639.1.09
|2 MRF
|
| 080 |
|
|
|a (062.534)
|2 MRF
|
| 245 |
0 |
0 |
|a Biologie jelenovitých :
|b sborník z celostátního semináře konaného ve dnech 19. a 20. června 2000 v Hranicích /
|c [Luděk Bartoš (editor) ... et al.].
|
| 260 |
|
|
|a Praha :
|b Výzkumný ústav živočišné výroby,
|c 2000
|
| 300 |
|
|
|a 162 s. :
|b il. ;
|c 30 cm
|
| 650 |
0 |
7 |
|a jelení zvěř
|7 ph121340
|2 czenas
|
| 650 |
0 |
7 |
|a chov zvěře
|7 ph119203
|2 czenas
|
| 650 |
0 |
7 |
|a nemoci zvěře
|7 ph138294
|2 czenas
|
| 655 |
|
7 |
|a sborníky konferencí
|7 fd133333
|2 czenas
|
| 700 |
1 |
|
|a Bartoš, Luděk,
|d 1967-
|7 jo20000080648
|
| 710 |
2 |
|
|a Výzkumný ústav živočišné výroby
|7 kn20010724966
|
| 910 |
|
|
|a BOA001
|b 4-1082.316
|
| 990 |
|
|
|a BK
|
| 996 |
6 |
|
|b 2610129433
|c 4-1082.316
|l MZK
|r Sklad / do 1 hodiny
|n 10
|p p.v.
|w 000550398
|u 000010
|a 1
|e BOA001
|j MZK50
|s P
|